000 00693cam a22002531 4500
001 sa 68000927
003 DLC
005 20260227112428.0
008 890724s1966 ii 000 0 hino
010 _asa 68000927
035 _a(OCoLC)20061630
040 _aDLC
_cWaU
_dNRU
_dDLC
042 _apremarc
043 _aa-ii---
050 0 0 _aPK1931
_b.N3
100 0 _aMahāprajña,
_cĀcārya,
_d1920-2010.
245 1 0 _aHindī jana-jana kī bhāshā.
260 _aNaī Dillī,
_bAkhila Bhārtīya Aṇuvrata Samiti
_c[1966?]
300 _a16 p.
_c18 cm.
490 0 _aAṇuvrata vicāra mālā,
_v5
500 _aIn Hindi.
650 0 _aHindi language.
651 0 _aIndia
_xLanguages.
999 _c77555
_d77555